Krížovky a novinky novinky a zaujímavosti z filmu, hudby a literatúry
| Previous Title: | Novinky v krížovkách |
|---|---|
| Other Authors: | |
| Format: | Journal |
| Language: | Slovak |
| PhysicalDescription: | zv. 28 cm |
| Published: |
Bratislava
OFFPRINT s.r.o.
2014-
Bratislava Bauer Media SK Bratislava MAFRA Slovakia, a.s. |
| ISSN: | 2453-8418 |
| Subjects: |
MARC
| LEADER | 00000cas a2200000 a 4500 | ||
|---|---|---|---|
| 001 | vtls010662015 | ||
| 003 | SK-MaSNL | ||
| 005 | 20260228161136.0 | ||
| 008 | 150319c20149999xo br p 0 b0slo | ||
| 022 | |a 2453-8418 | ||
| 040 | |a SNK |b slo |c SNK |d SVKBB |e AACR2 | ||
| 041 | 0 | |a slo | |
| 044 | |a xo |c SK | ||
| 072 | 7 | |a 79 |x Rekreácia. Voľný čas. Zábavy. Hry. Šport |2 konspekt | |
| 080 | |a 793.7 |2 2011 | ||
| 080 | |a 379.8(051) |2 2011 | ||
| 210 | 0 | |a Kríž. nov. | |
| 222 | 0 | |a Krížovky a novinky | |
| 245 | 0 | 0 | |a Krížovky a novinky |b novinky a zaujímavosti z filmu, hudby a literatúry |
| 260 | |a Bratislava |b OFFPRINT s.r.o. |c 2014- | ||
| 260 | 2 | |3 3/2016-? |a Bratislava |b Bauer Media SK | |
| 260 | 3 | |3 ?- |a Bratislava |b MAFRA Slovakia, a.s. | |
| 300 | |a zv. |c 28 cm | ||
| 310 | |a 6x ročne |b 2014- | ||
| 362 | 0 | |a Roč. XII, č. 1 (2014)- | |
| 500 | |a Šéfredaktorka: 2014- , Andrea Zlochová | ||
| 500 | |a Evidenčné č.: EV 3075/09 | ||
| 500 | |a Podnázov: od r. 2017, knižné a filmové inšpirácie v krížovkách | ||
| 650 | 0 | 7 | |a krížovky |2 SNKPH |9 3313 |
| 655 | 7 | |a časopisy pre voľný čas |2 SNKPH |9 70337 | |
| 700 | 1 | |a Zlochová, Andrea |4 pbd |9 267844 | |
| 780 | 0 | 0 | |t Novinky v krížovkách |w vtls008826520 |
| 910 | |a snk | ||
| 910 | |a svkbb | ||
| 999 | |c 4474 |d 6404 | ||
| 952 | |t č. 1-6 |a SNK |b SNK |y PREZ |7 0 |p 17A1522885 |o snkČSB 7377/20/2022 |i snk2024/5061 |8 0 |0 0 |1 0 |4 0 |d 2024-03-26 |l 0 |r 2026-02-21 19:58:06 |w 2026-02-21 | ||
| 952 | |t č. 1-6 |a SNK |b SNK |y PREZ |7 0 |p 17A1522886 |o snkČSB 7377/21/2023 |i snk2024/5062 |8 0 |0 0 |1 0 |4 0 |d 2024-03-26 |l 0 |r 2026-02-21 19:58:06 |w 2026-02-21 | ||
| 952 | |t č. 1-6 |a SNK |b SNK |y PREZ |7 0 |p 17A1464143 |o snkČSB 7377/18/2020 |i snk2022/16375 |8 0 |0 0 |1 0 |4 0 |d 2022-10-27 |l 0 |r 2026-02-21 20:11:47 |w 2026-02-21 | ||
| 952 | |t č. 1-6 |a SNK |b SNK |y PREZ |7 0 |p 17A1464142 |o snkČSB 7377/19/2021 |i snk2022/16377 |8 0 |0 0 |1 0 |4 0 |d 2022-10-27 |l 0 |r 2026-02-21 20:11:47 |w 2026-02-21 | ||
| 952 | |t č. 1-6 |a SNK |b SNK |y PREZ |7 0 |p 17A1385217 |o snkČSB 7377/12/2014 |i snk2019/30715 |8 0 |0 0 |1 0 |4 0 |d 2019-11-28 |l 0 |r 2026-02-21 20:13:59 |w 2026-02-21 | ||
| 952 | |t č. 1-6 |a SNK |b SNK |y PREZ |7 0 |p 17A1385216 |o snkČSB 7377/13/2015 |i snk2019/30716 |8 0 |0 0 |1 0 |4 0 |d 2019-11-28 |l 0 |r 2026-02-21 20:13:59 |w 2026-02-21 | ||
| 952 | |t č. 1-6 |a SNK |b SNK |y PREZ |7 0 |p 17A1385215 |o snkČSB 7377/14/2016 |i snk2019/30721 |8 0 |0 0 |1 0 |4 0 |d 2019-11-28 |l 0 |r 2026-02-21 20:13:59 |w 2026-02-21 | ||
| 952 | |t č. 1-6 |a SNK |b SNK |y PREZ |7 0 |p 17A1385214 |o snkČSB 7377/15/2017 |i snk2019/30722 |8 0 |0 0 |1 0 |4 0 |d 2019-11-28 |l 0 |r 2026-02-21 20:13:59 |w 2026-02-21 | ||
| 952 | |t č. 1-6 |a SNK |b SNK |y PREZ |7 0 |p 17A1385213 |o snkČSB 7377/16/2018 |i snk2019/30726 |8 0 |0 0 |1 0 |4 0 |d 2019-11-28 |l 0 |r 2026-02-21 22:15:12 |w 2026-02-21 | ||
| 952 | |t č. 1-6 |a SNK |b SNK |y PREZ |7 0 |p 17A1432530 |o snkČSB 7377/17/2019 |i snk2020/18983 |8 0 |0 0 |1 0 |4 0 |d 2020-10-19 |l 0 |r 2026-02-21 22:23:08 |w 2026-02-21 | ||
| 952 | |t 1 |a SNK |b SNK |c SNK_KF |y PREZ |7 4 |p 17A1559205 |o snkČSB 7377/22/2024 |i snk2026/3521 |h č. 1-6 |8 0 |0 0 |1 0 |2 udc |4 0 |d 2024-03-26 |l 0 |r 2026-03-12 10:52:12 |w 2026-02-21 | ||
| 952 | |t 1 |a SNK |b SNK |c SNK_KF |y PREZ |7 4 |p 17A1559206 |o snkČSB 7377/23/2025 |i snk2026/3522 |h č. 1-6 |8 0 |0 0 |1 0 |2 udc |4 0 |d 2024-03-26 |l 0 |r 2026-03-12 10:54:12 |w 2026-02-21 | ||


